000 00563nam a2200181Ia 4500
008 090123s9999 xx 000 0 und d
082 _b40795
100 _aभालेराव मीना
245 _aगोष्टी डॉट कॉम
250 _a1
260 _bअनघा प्रकाशन
_c2007
300 _a80
600 _aभालेराव मीना
630 _aगोष्टी डॉट कॉम
700 _aभालेराव मीना
730 _aगोष्टी डॉट कॉम
942 _cBOOK
999 _c78871
_d78871